000 00675nam a22002177a 4500
003 UA-OsUOA
001 131067
007 ta
008 20180521b un ||||| |||| 00| 0 ukr d
100 _aХомин І. П.
090 _a330(477)
_bХ76
942 _cSA
040 _aUA-OsUOA
_bukr
_cUA-OsUOA
_dUA-OsUOA
245 _aАграрноий сектор України - фінансовий донор вітчизняної та зарубіжних економік
300 _aС.41-56
955 _a0
041 _aukr
080 _a330(477)
773 0 _w131064
_tФінанси України
_dК.
_d2018
_g4
650 7 _a330 Економіка взагалі
_2UDC
999 _c419304
_d419304